[Event "SVK-chT2D 2122"]
[Site "Slovakia"]
[Date "2022.03.26"]
[Round "8.5"]
[White "Angelovic, Adrian"]
[Black "Smizansky, Jozef"]
[Result "1-0"]
[WhiteElo "1966"]
[BlackElo "1843"]
[PlyCount "71"]
[EventDate "2021.10.16"]
[EventType "team-tourn"]
[EventRounds "11"]
[EventCountry "SVK"]
[SourceTitle "EXT 2023"]
[Source "ChessBase"]
[SourceDate "2022.10.05"]
[SourceVersion "1"]
[SourceVersionDate "2022.10.05"]
[SourceQuality "1"]
[WhiteTeam "Stropkov/Svidnik"]
[BlackTeam "Spisska Nova Ves"]
[WhiteTeamCountry "SVK"]
[BlackTeamCountry "SVK"]

1. e4 d5 2. exd5 Nf6 3. d4 Nxd5 4. c4 Nb4 5. Qa4+ N8c6 6. d5 b5 7. cxb5 Nd4 8. Na3 e5 9. Bd2 Qxd5 10. Bc4 Qe4+ 11. Kf1 Nd3 12. f3 Qg6 13. Bc3 Bxa3 14. bxa3 0-0 15. Rd1 Nc5 16. Qb4 Nce6 17. Qb1 Qxb1 18. Rxb1 Nc2 19. Bd3 Ncd4 20. Ne2 Rd8 21. Rd1 c5 22. bxc6 Nxc6 23. Kf2 Rb8 24. Be4 Ncd4 25. Nxd4 exd4 26. Bb4 Rb5 27. Rc1 a5 28. Bc6 Re5 29. Be7 Nf4 30. Bxd8 Nd3+ 31. Kg3 f5 32. h3 f4+ 33. Kh2 Ba6 34. Be4 Nf2 35. Bc7 Rg5 36. Bxf4 1-0

[Event "SVK-chT1E 2122"]
[Site "Slovakia"]
[Date "2022.03.19"]
[Round "6.5"]
[White "Spinler, Dalibor"]
[Black "Angelovic, Adrian"]
[Result "0-1"]
[WhiteElo "1634"]
[BlackElo "1966"]
[PlyCount "98"]
[EventDate "2022.01.29"]
[EventType "team-tourn"]
[EventRounds "11"]
[EventCountry "SVK"]
[SourceTitle "EXT 2023"]
[Source "ChessBase"]
[SourceDate "2022.10.05"]
[SourceVersion "1"]
[SourceVersionDate "2022.10.05"]
[SourceQuality "1"]
[WhiteTeam "Sabinov"]
[BlackTeam "Bardejov"]
[WhiteTeamCountry "SVK"]
[BlackTeamCountry "SVK"]

1. d4 d5 2. Nf3 Nf6 3. e3 Bg4 4. Bd3 e6 5. Nbd2 Be7 6. 0-0 0-0 7. c3 c6 8. Qc2 Nbd7 9. Ne5 Bh5 10. f4 c5 11. b3 Rc8 12. h3 cxd4 13. exd4 Bb4 14. c4 dxc4 15. bxc4 Nxe5 16. dxe5 Qd4+ 17. Kh2 Rfd8 18. Nb3 Qxd3 19. Qxd3 Rxd3 20. exf6 Bc3 21. Rb1 Bxf6 22. Bb2 Bh4 23. g4 Bg6 24. f5 exf5 25. gxf5 Bh5 26. Rg1 f6 27. Rbc1 Re8 28. Bd4 Bf3 29. Rc2 a6 30. Bf2 Bg5 31. Nc5 Bf4+ 32. Bg3 Rc3 33. Rb2 Bc1 34. Rf2 Be3 35. Re1 Bxf2 36. Rxe8+ Kf7 37. Rc8 Bxc5 38. Rxc5 Rc2+ 39. Bf2 Rxf2+ 40. Kg3 Rf1 41. Rc7+ Ke8 42. h4 Bc6 43. a4 Kd8 44. Rf7 Bd7 45. Kg2 Rxf5 46. Rxg7 h5 47. Kg3 Kc7 48. Re7 Kd6 49. Re4 Bc6 0-1

[Event "SVK-chT2D 2122"]
[Site "Slovakia"]
[Date "2022.03.05"]
[Round "6.6"]
[White "Gerasimov, Krasimir"]
[Black "Angelovic, Adrian"]
[Result "0-1"]
[WhiteElo "1559"]
[BlackElo "1966"]
[PlyCount "56"]
[EventDate "2021.10.16"]
[EventType "team-tourn"]
[EventRounds "11"]
[EventCountry "SVK"]
[SourceTitle "EXT 2023"]
[Source "ChessBase"]
[SourceDate "2022.10.05"]
[SourceVersion "1"]
[SourceVersionDate "2022.10.05"]
[SourceQuality "1"]
[WhiteTeam "Michalovce Zemplin II"]
[BlackTeam "Stropkov/Svidnik"]
[WhiteTeamCountry "SVK"]
[BlackTeamCountry "SVK"]

1. Nf3 c5 2. g3 Nc6 3. Bg2 g6 4. d4 cxd4 5. Nxd4 Bg7 6. Nf3 d5 7. Nbd2 e5 8. 0-0 Nge7 9. e4 0-0 10. c3 Qc7 11. exd5 Nxd5 12. h3 Rd8 13. Qe2 Nb6 14. Kh2 Bf5 15. Ne4 Na5 16. Bg5 Rd7 17. Rfd1 Nd5 18. Nfd2 h6 19. Be3 Nxe3 20. Qxe3 Rad8 21. Bf3 b6 22. Be2 Be6 23. f3 f5 24. Nf2 Kf7 25. f4 e4 26. Nf1 Bf8 27. Rxd7+ Rxd7 28. Nd2 Bc5 0-1

[Event "SVK-chT1E 2122"]
[Site "Slovakia"]
[Date "2022.02.26"]
[Round "4.7"]
[White "Angelovic, Adrian"]
[Black "Lukac, Roman"]
[Result "0-1"]
[WhiteElo "1966"]
[BlackElo "2056"]
[PlyCount "132"]
[EventDate "2022.01.29"]
[EventType "team-tourn"]
[EventRounds "11"]
[EventCountry "SVK"]
[SourceTitle "EXT 2023"]
[Source "ChessBase"]
[SourceDate "2022.10.05"]
[SourceVersion "1"]
[SourceVersionDate "2022.10.05"]
[SourceQuality "1"]
[WhiteTeam "Bardejov"]
[BlackTeam "Banska Bystrica Junior"]
[WhiteTeamCountry "SVK"]
[BlackTeamCountry "SVK"]

1. e4 e5 2. Nf3 Nc6 3. Bb5 a6 4. Ba4 Nf6 5. 0-0 b5 6. Bb3 Be7 7. Re1 d6 8. c3 0-0 9. h3 Nb8 10. d4 Nbd7 11. Nbd2 Bb7 12. Bc2 Re8 13. Nf1 Bf8 14. Ng3 g6 15. Nh2 c5 16. d5 c4 17. Be3 Bg7 18. Ngf1 Nc5 19. Ng3 Kh8 20. Ng4 Bc8 21. Nxf6 Qxf6 22. b4 cxb3 23. axb3 Bd7 24. Nf1 Qe7 25. Nd2 Rec8 26. c4 b4 27. Nf3 f6 28. Bd2 Rab8 29. Ra5 Qd8 30. Qa1 Rc7 31. Qb2 Bc8 32. Rea1 f5 33. Be3 fxe4 34. Ng5 Nd3 35. Qb1 Nf4 36. Nxe4 Rf7 37. Ng3 Qg5 38. Qf1 Bb7 39. Kh2 Rbf8 40. Ne4 Qd8 41. g3 Nh5 42. Qe2 Bc8 43. Ng5 Qd7 44. Be4 Re7 45. Bg2 Nf4 46. Qg4 Qxg4 47. hxg4 Nxg2 48. Kxg2 e4 49. Rd1 Bxg4 50. Rc1 h6 51. Ne6 Bf3+ 52. Kh3 Rf5 53. g4 Bxg4+ 54. Kxg4 Rxe6 55. dxe6 h5+ 56. Kh3 Rxa5 57. Rd1 Bf8 58. Bf4 Kg7 59. Rd4 Kf6 60. Rxe4 Kf5 61. f3 Be7 62. Bd2 Re5 63. Rf4+ Kxe6 64. Kg3 a5 65. Kf2 d5 66. Rd4 Bc5 0-1

[Event "SVK-chT2D 2122"]
[Site "Slovakia"]
[Date "2021.10.17"]
[Round "2.6"]
[White "Dernar, Jan"]
[Black "Angelovic, Adrian"]
[Result "0-1"]
[WhiteElo "1739"]
[BlackElo "1986"]
[PlyCount "104"]
[EventDate "2021.10.16"]
[EventType "team-tourn"]
[EventRounds "11"]
[EventCountry "SVK"]
[SourceTitle "EXT 2023"]
[Source "ChessBase"]
[SourceDate "2022.10.05"]
[SourceVersion "1"]
[SourceVersionDate "2022.10.05"]
[SourceQuality "1"]
[WhiteTeam "Kosice Slavia TU IV"]
[BlackTeam "Stropkov/Svidnik"]
[WhiteTeamCountry "SVK"]
[BlackTeamCountry "SVK"]

1. d4 d5 2. Nf3 Nf6 3. Bf4 c5 4. e3 Nc6 5. c4 Be6 6. dxc5 Qa5+ 7. Qd2 Qxc5 8. cxd5 Rd8 9. dxe6 Rxd2 10. exf7+ Kxf7 11. Nbxd2 h6 12. Bc4+ e6 13. 0-0 Qb6 14. Bb3 Nd5 15. Nc4 Qb4 16. Nfe5+ Nxe5 17. Nxe5+ Kf6 18. Nd3 Qb5 19. Rfd1 Be7 20. Be5+ Kf7 21. Nf4 Nxf4 22. Bxf4 Rc8 23. Rac1 Rxc1 24. Rxc1 Kf6 25. h3 e5 26. Bg3 Bd6 27. Rd1 Qb4 28. Kh2 a5 29. Bg8 b6 30. b3 Qa3 31. Rd2 Ke7 32. Bc4 Qb4 33. Rc2 b5 34. Bg8 e4 35. Bxd6+ Qxd6+ 36. g3 Kd7 37. Bf7 g6 38. h4 Ke7 39. Bg8 Qd7 40. Rc5 Kf6 41. Bd5 a4 42. bxa4 bxa4 43. Bxe4 Qd2 44. Rc2 Qe1 45. Kg2 g5 46. hxg5+ hxg5 47. Bf3 Qb1 48. Re2 Ke5 49. e4 Qc1 50. Re3 a3 51. Rb3 Qb2 52. Be2 Qxb3 0-1

[Event "SVK-chT2D 2122"]
[Site "Slovakia"]
[Date "2021.10.16"]
[Round "1.6"]
[White "Angelovic, Adrian"]
[Black "Lison, Juraj"]
[Result "1-0"]
[WhiteElo "1986"]
[BlackElo "1425"]
[PlyCount "69"]
[EventDate "2021.10.16"]
[EventType "team-tourn"]
[EventRounds "11"]
[EventCountry "SVK"]
[SourceTitle "EXT 2023"]
[Source "ChessBase"]
[SourceDate "2022.10.05"]
[SourceVersion "1"]
[SourceVersionDate "2022.10.05"]
[SourceQuality "1"]
[WhiteTeam "Stropkov/Svidnik"]
[BlackTeam "Kosice Slavia UPJS III"]
[WhiteTeamCountry "SVK"]
[BlackTeamCountry "SVK"]

1. d4 d5 2. c4 c6 3. e3 Nf6 4. Nc3 Bf5 5. Qb3 b6 6. cxd5 cxd5 7. Bb5+ Nbd7 8. Nxd5 e6 9. Nc3 Be7 10. f3 a6 11. Bc6 Rc8 12. Bb7 Rb8 13. Bxa6 e5 14. Nge2 e4 15. Ng3 Be6 16. Bc4 Bxc4 17. Qxc4 exf3 18. gxf3 Rc8 19. Qb5 0-0 20. e4 Ne8 21. Nf5 Bh4+ 22. Nxh4 Qxh4+ 23. Ke2 Qh3 24. Be3 Nd6 25. Qg5 f6 26. Qd5+ Nf7 27. Rag1 Rcd8 28. Rg3 Qh4 29. Qe6 Kh8 30. Rh3 Ng5 31. Bxg5 Qxg5 32. Qg4 Qa5 33. Qg6 Qa6+ 34. Ke3 h6 35. Rg1 1-0

[Event "SVK-ch U18/20"]
[Site "Stara Lubovna"]
[Date "2021.06.30"]
[Round "6"]
[White "Valko, Michal"]
[Black "Angelovic, Adrian"]
[Result "0-1"]
[WhiteElo "1809"]
[BlackElo "1997"]
[PlyCount "82"]
[EventDate "2021.06.26"]
[EventType "swiss"]
[EventRounds "9"]
[EventCountry "SVK"]
[SourceTitle "CBM 203 Extra"]
[Source "ChessBase"]
[SourceDate "2021.09.30"]
[SourceVersion "1"]
[SourceVersionDate "2021.09.30"]
[SourceQuality "1"]

1. e4 c5 2. Nf3 d6 3. d4 cxd4 4. Qxd4 Nc6 5. Bb5 Bd7 6. Bxc6 Bxc6 7. Nc3 Nf6 8. Bg5 e6 9. 0-0-0 Be7 10. Kb1 Qa5 11. Qd2 Rd8 12. Nd4 Nxe4 13. Nxe4 Qxd2 14. Rxd2 Bxe4 15. Bxe7 Kxe7 16. f3 Bg6 17. Re1 a6 18. f4 Kd7 19. g4 Rhe8 20. h4 f6 21. h5 Bf7 22. Red1 Kc7 23. h6 g6 24. Rf2 Bg8 25. b3 e5 26. Ne2 d5 27. Nc3 Be6 28. f5 gxf5 29. gxf5 Bf7 30. Rfd2 Rg8 31. Rf1 Rg4 32. Rh2 Rdg8 33. Kb2 Kc6 34. Rh3 R8g5 35. Ne2 d4 36. c3 Rg2 37. Re1 Bh5 38. Ka3 Bxe2 39. cxd4 exd4 40. Rc1+ Kb6 41. Rc8 Rg8 0-1

[Event "SVK-ch U18/20"]
[Site "Stara Lubovna"]
[Date "2021.06.28"]
[Round "4"]
[White "Kapec, Kristian"]
[Black "Angelovic, Adrian"]
[Result "0-1"]
[WhiteElo "1770"]
[BlackElo "1997"]
[PlyCount "86"]
[EventDate "2021.06.26"]
[EventType "swiss"]
[EventRounds "9"]
[EventCountry "SVK"]
[SourceTitle "CBM 203 Extra"]
[Source "ChessBase"]
[SourceDate "2021.09.30"]
[SourceVersion "1"]
[SourceVersionDate "2021.09.30"]
[SourceQuality "1"]

1. e4 e6 2. c4 c5 3. Nc3 Nc6 4. Nf3 d6 5. d4 cxd4 6. Nxd4 Bd7 7. Be3 Nf6 8. Be2 Nxd4 9. Bxd4 Be7 10. 0-0 Bc6 11. f3 0-0 12. b4 b6 13. Qb3 Nd7 14. Rfd1 Qc7 15. Rd3 Bf6 16. Bxf6 Nxf6 17. Rad1 Rfd8 18. Qa3 Ne8 19. Qb3 Rdc8 20. Rd4 Qe7 21. b5 Bb7 22. Kf1 Rc5 23. Na4 Re5 24. Qe3 f5 25. Nc3 g5 26. f4 gxf4 27. Qxf4 fxe4 28. Qg4+ Rg5 29. Qh3 d5 30. Nxe4 dxe4 31. Rd7 Qf6+ 32. Kg1 Rg7 33. Rf1 Qe5 34. Bg4 Nc7 35. Rfd1 Rf8 36. Rd8 Qc5+ 37. Kh1 Qe7 38. Rxf8+ Kxf8 39. Qh6 Qg5 40. Rf1+ Ke7 41. Qh3 Qxg4 42. Qa3+ Kd7 43. Qb2 e3 0-1

[Event "EU-ch Online U18"]
[Site "Tornelo INT"]
[Date "2020.09.19"]
[Round "4"]
[White "Angelovic, Adrian"]
[Black "Elashvili, Giorgi"]
[Result "0-1"]
[WhiteElo "1994"]
[BlackElo "1857"]
[PlyCount "92"]
[EventDate "2020.09.18"]
[EventType "swiss (rapid)"]
[EventRounds "9"]
[EventCountry "ENG"]
[SourceTitle "CBM 198 Extra"]
[Source "ChessBase"]
[SourceDate "2020.11.30"]
[SourceVersion "1"]
[SourceVersionDate "2020.11.30"]
[SourceQuality "1"]

1. e4 e6 2. d4 d5 3. Nc3 dxe4 4. Nxe4 Bd7 5. c4 Bc6 6. Nc3 Nf6 7. a3 Be7 8. h3 0-0 9. Nf3 b6 10. Be3 Bb7 11. b4 Nbd7 12. Be2 a5 13. b5 Bd6 14. 0-0 Qe7 15. Qb3 e5 16. c5 bxc5 17. dxe5 Nxe5 18. Nxe5 Qxe5 19. g3 Ne4 20. Nxe4 Qxe4 21. f3 Qe7 22. Kf2 Rae8 23. Rg1 Bd5 24. Qc3 Be5 25. Qxc5 Bxa1 26. Rxa1 Qe6 27. Rd1 Bb3 28. Rb1 a4 29. g4 Re7 30. Rc1 Rfe8 31. Rc3 Kh8 32. f4 Rd7 33. Bf3 Bd5 34. Rd3 Bxf3 35. Rxd7 Qxd7 36. Kxf3 Kg8 37. Bd4 Qe6 38. Be5 Qb3+ 39. Kg2 f6 40. Bc3 Qc2+ 41. Kg3 Qd3+ 42. Kh4 Rd8 43. Qxc7 Re8 44. Qc6 Qe3 45. Bd4 Qe1+ 46. Kh5 g6+ 0-1

[Event "EU-ch Online U18"]
[Site "Tornelo INT"]
[Date "2020.09.18"]
[Round "2"]
[White "Meleqi, Kidas"]
[Black "Angelovic, Adrian"]
[Result "0-1"]
[WhiteElo "1623"]
[BlackElo "1994"]
[PlyCount "86"]
[EventDate "2020.09.18"]
[EventType "swiss (rapid)"]
[EventRounds "9"]
[EventCountry "ENG"]
[SourceTitle "CBM 198 Extra"]
[Source "ChessBase"]
[SourceDate "2020.11.30"]
[SourceVersion "1"]
[SourceVersionDate "2020.11.30"]
[SourceQuality "1"]

1. e4 e6 2. d4 d5 3. Nc3 Bb4 4. e5 c5 5. a3 Bxc3+ 6. bxc3 Ne7 7. h4 Nbc6 8. Nf3 Qa5 9. Bd2 Qa4 10. Rb1 a6 11. Bd3 cxd4 12. cxd4 Nxd4 13. 0-0 Nec6 14. Nxd4 Qxd4 15. Rb3 b5 16. Re1 Qxh4 17. Re3 Qd8 18. Qg4 g6 19. Qf4 g5 20. Qg3 h6 21. Rc3 Bb7 22. Rxc6 Bxc6 23. Bb4 d4 24. Rf3 Bxf3 25. Qxf3 Ra7 26. Be4 f5 27. exf6 Kf7 28. Qh5+ Kxf6 29. Qg6+ Ke5 30. Bf3 Rg8 31. Qe4+ Kf6 32. Bc5 Rd7 33. Bh5 Rd5 34. Bb4 Rg7 35. Bg4 Qd7 36. Bh5 Rf5 37. Qa8 g4 38. Bxg4 Rxg4 39. Qf8+ Kg6 40. Qg8+ Kh5 41. Qb8 Qg7 42. g3 Kg6 43. Qb6 Kh7 0-1

[Event "SVK-ch U20"]
[Site "Lubovna"]
[Date "2020.08.21"]
[Round "8"]
[White "Gzib, David"]
[Black "Angelovic, Adrian"]
[Result "0-1"]
[WhiteElo "2020"]
[BlackElo "1909"]
[PlyCount "80"]
[EventDate "2020.08.15"]
[EventType "swiss"]
[EventRounds "9"]
[EventCountry "SVK"]
[SourceTitle "EXT 2021"]
[Source "ChessBase"]
[SourceDate "2020.10.23"]
[SourceVersion "1"]
[SourceVersionDate "2020.10.23"]
[SourceQuality "1"]

1. e4 e6 2. d4 d5 3. Nc3 Bb4 4. e5 c5 5. a3 Bxc3+ 6. bxc3 Ne7 7. h4 Nbc6 8. h5 h6 9. Qg4 Kf8 10. Rh3 Qa5 11. Bd2 Qa4 12. Qf4 b6 13. Rf3 Nd8 14. c4 Ba6 15. dxc5 Bxc4 16. Bd3 b5 17. c6 Bxd3 18. Bb4 Bf5 19. g4 Ke8 20. gxf5 Nxf5 21. Rc3 Rc8 22. c7 Nb7 23. Ne2 a5 24. Nd4 Nxd4 25. Qxd4 axb4 26. Rc6 bxa3 27. Qb6 Qa5+ 28. Qxa5 Nxa5 29. Rc5 Nc4 30. Rxb5 Kd7 31. Rb3 Rxc7 32. Rg3 Rg8 33. f4 Rb7 34. Rb3 Rgb8 35. Rab1 Rxb3 36. cxb3 Nb2 37. Kd2 Rxb3 38. Kc2 Rg3 39. Ra1 Nc4 40. Rb1 Kc7 0-1

[Event "SVK-ch U20"]
[Site "Lubovna"]
[Date "2020.08.20"]
[Round "7"]
[White "Angelovic, Adrian"]
[Black "Skrinar, Marek"]
[Result "1-0"]
[WhiteElo "1909"]
[BlackElo "1716"]
[PlyCount "95"]
[EventDate "2020.08.15"]
[EventType "swiss"]
[EventRounds "9"]
[EventCountry "SVK"]
[SourceTitle "EXT 2021"]
[Source "ChessBase"]
[SourceDate "2020.10.23"]
[SourceVersion "1"]
[SourceVersionDate "2020.10.23"]
[SourceQuality "1"]

1. e4 e5 2. Nf3 Nc6 3. Bb5 a6 4. Ba4 b5 5. Bb3 Be7 6. d3 Bb7 7. 0-0 Nf6 8. a4 d6 9. c3 0-0 10. Re1 Nb8 11. Nbd2 Nbd7 12. d4 c5 13. d5 c4 14. Bc2 Qb6 15. h3 Rfc8 16. Nf1 Nf8 17. Be3 Qc7 18. Ng3 Ng6 19. Nf5 Bd8 20. g3 Ne7 21. N5h4 Ng6 22. Ng2 Qd7 23. Kh2 Rcb8 24. a5 Bc8 25. Ng1 b4 26. cxb4 Rxb4 27. Bd2 Rxb2 28. Bc3 Rbb8 29. Qe2 Qc7 30. Ne3 Bd7 31. Nf3 Bb5 32. Nd2 Rc8 33. Reb1 Nd7 34. Rb4 Bg5 35. Ba4 Bxe3 36. Qxe3 Bxa4 37. Rbxa4 Qd8 38. Rb1 Rab8 39. Rxb8 Rxb8 40. Rxc4 Ne7 41. Bb4 Nf8 42. Qa3 Nc8 43. Rc6 Rb5 44. Nc4 Qf6 45. Kg2 Na7 46. Rxd6 Qe7 47. Bc5 Nc8 48. Rc6 1-0

[Event "SVK-ch U20"]
[Site "Lubovna"]
[Date "2020.08.19"]
[Round "6"]
[White "Haring, Filip"]
[Black "Angelovic, Adrian"]
[Result "1-0"]
[WhiteElo "2314"]
[BlackElo "1909"]
[PlyCount "71"]
[EventDate "2020.08.15"]
[EventType "swiss"]
[EventRounds "9"]
[EventCountry "SVK"]
[SourceTitle "EXT 2021"]
[Source "ChessBase"]
[SourceDate "2020.10.23"]
[SourceVersion "1"]
[SourceVersionDate "2020.10.23"]
[SourceQuality "1"]

1. Nf3 d5 2. g3 Bf5 3. Bg2 e6 4. 0-0 Nf6 5. c4 dxc4 6. Ne5 c6 7. Nxc4 Nbd7 8. Nc3 Be7 9. d4 0-0 10. e4 Bg6 11. a4 b5 12. axb5 cxb5 13. Na5 Nb6 14. e5 Nfd5 15. Nc6 Qd7 16. Nxe7+ Nxe7 17. Bxa8 Rxa8 18. Qe2 a6 19. Rd1 Qb7 20. f3 Ned5 21. Ne4 Na4 22. Nc5 Nxc5 23. dxc5 a5 24. Be3 Qc6 25. Bd4 Kf8 26. b3 a4 27. bxa4 bxa4 28. Rd2 Ke8 29. Rb2 Kd7 30. Ra3 Kc7 31. Qc4 f5 32. exf6 gxf6 33. Rba2 Be8 34. Bxf6 Qb5 35. Qe4 Qxc5+ 36. Bd4 1-0

[Event "SVK-ch U20"]
[Site "Lubovna"]
[Date "2020.08.18"]
[Round "5"]
[White "Kardis, Benjamin"]
[Black "Angelovic, Adrian"]
[Result "0-1"]
[WhiteElo "2042"]
[BlackElo "1909"]
[PlyCount "74"]
[EventDate "2020.08.15"]
[EventType "swiss"]
[EventRounds "9"]
[EventCountry "SVK"]
[SourceTitle "EXT 2021"]
[Source "ChessBase"]
[SourceDate "2020.10.23"]
[SourceVersion "1"]
[SourceVersionDate "2020.10.23"]
[SourceQuality "1"]

1. c4 c6 2. e4 g6 3. d4 Bg7 4. Nc3 d6 5. Be3 Nf6 6. f3 Nbd7 7. Qd2 a6 8. Bh6 Bxh6 9. Qxh6 Qa5 10. Qd2 0-0 11. Bd3 b5 12. Nge2 b4 13. Nd1 c5 14. Ne3 cxd4 15. Nxd4 Qb6 16. Bc2 Nc5 17. Nd5 Nxd5 18. exd5 Bd7 19. h4 Rae8 20. 0-0-0 e5 21. dxe6 Bxe6 22. Nxe6 Rxe6 23. b3 Rfe8 24. h5 Qa5 25. hxg6 fxg6 26. a4 Qd8 27. Qd4 Qg5+ 28. f4 Qf6 29. Qxf6 Rxf6 30. Rd4 Re3 31. Kb2 Rg3 32. Rg1 Kg7 33. Rd5 Rxf4 34. Rxd6 Rf2 35. Rc6 Nxb3 36. Rc7+ Kf6 37. Rd7 Rc3 0-1

[Event "SVK-ch U20"]
[Site "Lubovna"]
[Date "2020.08.17"]
[Round "4"]
[White "Angelovic, Adrian"]
[Black "Antal, Jakub"]
[Result "1/2-1/2"]
[WhiteElo "1909"]
[BlackElo "1939"]
[PlyCount "82"]
[EventDate "2020.08.15"]
[EventType "swiss"]
[EventRounds "9"]
[EventCountry "SVK"]
[SourceTitle "EXT 2021"]
[Source "ChessBase"]
[SourceDate "2020.10.23"]
[SourceVersion "1"]
[SourceVersionDate "2020.10.23"]
[SourceQuality "1"]

1. e4 Nf6 2. e5 Nd5 3. d4 d6 4. c4 Nb6 5. f4 dxe5 6. fxe5 Nc6 7. Be3 Bf5 8. Nc3 e6 9. Nf3 Be7 10. Be2 0-0 11. 0-0 f6 12. exf6 Bxf6 13. Qd2 Qe7 14. Rad1 Rad8 15. Qc1 h6 16. Rd2 Rd7 17. Rfd1 Rfd8 18. d5 exd5 19. Bxb6 axb6 20. Nxd5 Qf7 21. Bd3 Bxd3 22. Rxd3 Rd6 23. b3 Ne7 24. Nxe7+ Qxe7 25. Rxd6 Rxd6 26. Re1 Re6 27. Kf2 Rxe1 28. Qxe1 Qxe1+ 29. Nxe1 Kf7 30. Kf3 Ke6 31. Ke4 c6 32. g4 Be7 33. Nf3 Bd6 34. h4 g6 35. a4 h5 36. Ng5+ Kf6 37. Kf3 hxg4+ 38. Kxg4 Bb4 39. Nf3 Bc3 40. Kf4 Bb4 41. Ke4 Bd6 1/2-1/2

[Event "SVK-chT2D 1920"]
[Site "Slovakia"]
[Date "2020.02.16"]
[Round "9.7"]
[White "Butala, Stefan"]
[Black "Angelovic, Adrian"]
[Result "1/2-1/2"]
[WhiteElo "1833"]
[BlackElo "1824"]
[PlyCount "117"]
[EventDate "2019.10.26"]
[EventType "team-tourn"]
[EventRounds "11"]
[EventCountry "SVK"]
[SourceTitle "CBM 195 Extra"]
[Source "ChessBase"]
[SourceDate "2020.05.31"]
[SourceVersion "1"]
[SourceVersionDate "2020.05.31"]
[SourceQuality "1"]
[WhiteTeam "Velke Kapusany"]
[BlackTeam "Bardejov BSK II"]
[WhiteTeamCountry "SVK"]
[BlackTeamCountry "SVK"]

1. d4 d5 2. Nf3 Nf6 3. c4 c6 4. Nc3 dxc4 5. a4 Bf5 6. Ne5 Nbd7 7. Nxc4 Qc7 8. Bg5 e5 9. e3 0-0-0 10. Be2 Bb4 11. 0-0 Rhe8 12. Rc1 Nc5 13. Na2 a5 14. Nxb4 axb4 15. a5 Nce4 16. Bh4 exd4 17. exd4 c5 18. Bxf6 Nxf6 19. Nb6+ Kb8 20. Rxc5 Qxc5 21. dxc5 Rxd1 22. Bxd1 Bd3 23. Ba4 Re5 24. Rc1 Be4 25. f3 Bc6 26. Bb3 Be8 27. Kf2 Bb5 28. Rc2 Kc7 29. Bxf7 Kc6 30. g4 Rxc5 31. Rxc5+ Kxc5 32. Ke3 g5 33. b3 h6 34. Bc4 Be8 35. h3 Bg6 36. f4 gxf4+ 37. Kxf4 Kd4 38. h4 Ne8 39. Bd5 Bc2 40. g5 hxg5+ 41. Kxg5 Nd6 42. h5 Ke5 43. h6 Ne4+ 44. Kh4 Kf6 45. Bxb7 Nc5 46. a6 Nxa6 47. Bxa6 Bxb3 48. Bd3 Be6 49. Na4 Kf7 50. Kg5 Kg8 51. Kf6 Ba2 52. Nb2 Kh8 53. Bg6 Bg8 54. Bb1 Bd5 55. Bd3 Bb3 56. h7 Bd5 57. Kg6 b3 58. Kh6 Be4 59. Bxe4 1/2-1/2

[Event "SVK-chT2D 1920"]
[Site "Slovakia"]
[Date "2020.02.15"]
[Round "8.5"]
[White "Angelovic, Adrian"]
[Black "Ucekajova, Veronika"]
[Result "0-1"]
[WhiteElo "1824"]
[BlackElo "1881"]
[PlyCount "78"]
[EventDate "2019.10.26"]
[EventType "team-tourn"]
[EventRounds "11"]
[EventCountry "SVK"]
[SourceTitle "CBM 195 Extra"]
[Source "ChessBase"]
[SourceDate "2020.05.31"]
[SourceVersion "1"]
[SourceVersionDate "2020.05.31"]
[SourceQuality "1"]
[WhiteTeam "Bardejov BSK II"]
[BlackTeam "Moldava nad Bodvou"]
[WhiteTeamCountry "SVK"]
[BlackTeamCountry "SVK"]

1. d4 Nf6 2. c4 g6 3. Nf3 Bg7 4. g3 0-0 5. Nc3 d6 6. Bg2 c6 7. e4 e5 8. d5 Qc7 9. 0-0 Nbd7 10. Ne1 Re8 11. Nd3 Nb6 12. Qb3 Bd7 13. Be3 Ng4 14. Bxb6 Qxb6 15. Qxb6 axb6 16. h3 Nf6 17. a4 Ra7 18. g4 Bh6 19. Rfd1 Rea8 20. dxc6 bxc6 21. b4 b5 22. cxb5 cxb5 23. a5 Rc8 24. Ne2 Rc4 25. Rab1 Nxe4 26. Bxe4 Rxe4 27. Nc3 Rd4 28. Ne2 Rc4 29. Ne1 Ra6 30. Rd5 Kf8 31. Nf3 Ke7 32. Rdd1 Bc6 33. Ne1 f5 34. Rb3 fxg4 35. hxg4 Rxg4+ 36. Ng3 Bf4 37. Nc2 h5 38. Kf1 h4 39. Ne2 Bg2+ 0-1

[Event "SVK-chT2D 1920"]
[Site "Slovakia"]
[Date "2020.01.26"]
[Round "7.4"]
[White "Angelovic, Adrian"]
[Black "Sedlakova, Ivana"]
[Result "1/2-1/2"]
[WhiteElo "1811"]
[BlackElo "1965"]
[PlyCount "85"]
[EventDate "2019.10.26"]
[EventType "team-tourn"]
[EventRounds "11"]
[EventCountry "SVK"]
[SourceTitle "CBM 194 Extra"]
[Source "ChessBase"]
[SourceDate "2020.03.31"]
[SourceVersion "1"]
[SourceVersionDate "2020.03.31"]
[SourceQuality "1"]
[WhiteTeam "Bardejov BSK II"]
[BlackTeam "Presov Slavia PU"]
[WhiteTeamCountry "SVK"]
[BlackTeamCountry "SVK"]

1. d4 d5 2. c4 e6 3. Nc3 Nf6 4. cxd5 Nxd5 5. e4 Nxc3 6. bxc3 c5 7. Nf3 cxd4 8. cxd4 Nc6 9. Bg5 Bb4+ 10. Bd2 Qa5 11. Rb1 Bxd2+ 12. Qxd2 Qxd2+ 13. Kxd2 0-0 14. Bb5 Bd7 15. Rhc1 Rfd8 16. Bxc6 Bxc6 17. Ke3 f6 18. Nd2 Rd7 19. Nb3 Rad8 20. Rc4 f5 21. f3 Kf7 22. Rbc1 g5 23. g3 h5 24. Nc5 Re7 25. Nd3 Kf6 26. Ne5 Bb5 27. Rc7 Rde8 28. Rxe7 Rxe7 29. Rc8 Rh7 30. h3 h4 31. g4 fxg4 32. fxg4 a5 33. Rc1 a4 34. a3 Be8 35. Rc8 Re7 36. Kd3 Bb5+ 37. Kc3 Kg7 38. Kb4 Bf1 39. Rc3 b5 40. Rf3 Bg2 41. Re3 Bf1 42. Rf3 Bg2 43. Re3 1/2-1/2

[Event "SVK-chT2D 1920"]
[Site "Slovakia"]
[Date "2019.12.15"]
[Round "6.4"]
[White "Koval, Daniel"]
[Black "Angelovic, Adrian"]
[Result "1/2-1/2"]
[WhiteElo "2032"]
[BlackElo "1814"]
[PlyCount "48"]
[EventDate "2019.10.26"]
[EventType "team-tourn"]
[EventRounds "11"]
[EventCountry "SVK"]
[SourceTitle "CBM 194 Extra"]
[Source "ChessBase"]
[SourceDate "2020.03.31"]
[SourceVersion "1"]
[SourceVersionDate "2020.03.31"]
[SourceQuality "1"]
[WhiteTeam "Presov Tatran Dason"]
[BlackTeam "Bardejov BSK II"]
[WhiteTeamCountry "SVK"]
[BlackTeamCountry "SVK"]

1. c4 c6 2. Nf3 Nf6 3. b3 d5 4. Bb2 e6 5. e3 Nbd7 6. Be2 Bd6 7. d4 0-0 8. 0-0 b6 9. Nbd2 Bb7 10. Ne5 Qc7 11. Ndf3 c5 12. h3 Rac8 13. Rc1 Qb8 14. Nxd7 Nxd7 15. cxd5 Bxd5 16. Bb5 Nf6 17. Qe2 Qa8 18. dxc5 Bxc5 19. Rfd1 Rfd8 20. Ba6 Bb7 21. Bxb7 Qxb7 22. Rxd8+ Rxd8 23. Rd1 Rxd1+ 24. Qxd1 Qd5 1/2-1/2